00646nam a2200205Ia 450000500170000000800410001702000180005804100120007608200130008810000190010124500490012025000080016926000360017750000080021365000340022170000180025594200070027395201410028099900190042120240823025905.0240823s9999||||xx |||||||||||||| ||und|| a81-7649-290-6 aENGLISH A574.8 P2 aPennington S R 0aProteomics from Protein Sequence to function a1st c2002b"Viva Books, Privated Li" aYES aProteomicsbBio Medical Engg. a Dunn M J Ed. cBK 00104070aNICHELIBbNICHELIBd2011-03-10e"Sudarsan Books, Nagercoil"g295.00l0o574.8 P2p39919r2024-08-23 02:59:05w2024-08-23yBK c187393d187393